Loading...

High stakes

Bibliographic Details
Main Author: Dick Francis
Format: Printed Book
Published: London Pan Books 1976
Subjects:
LEADER 00586nam a22001931a 4500
020 |a 9780330248365  |c 0.00 
040 |a SSUS - Library - Kalady 
082 |a 823  |b DIC/H 
100 |a  Dick Francis  
245 |a High stakes  |h [Text] 
260 |a London  |b Pan Books  |c 1976 
300 |a 292p. 
600 |a Literature English 
600 |a Literature 
600 |a Novel English 
852 |h 823  |i DIC/H  |p 040562  |9 0.00  |t 0 
942 |c BK 
999 |c 17386  |d 17386 
952 |0 0  |1 0  |4 0  |6 823_000000000000000_DIC_H  |7 0  |9 24475  |a SSUS  |b SSUS  |d 2015-01-08  |g 0.00  |o 823 DIC/H  |p 040562  |r 2015-01-08  |v 0.00  |w 2015-01-08  |y BK